Albums de The Doors - Statistiques

Statistiques générales
  • Ce quiz a été pris 47 fois
  • Le résultat moyen est 6 sur 9
Statistiques - réponses
Année Réponse % Correct
1967 The Doors
100%
1978 An American Prayer : Jim Morisson
88%
1970 Morisson Hotel
88%
1971 L. A. Woman
85%
1967 Strange Days
79%
1968 Waiting for the Sun
70%
1969 The Soft Parade
64%
1971 Other Voices
36%
1972 Full Circle
33%
Aucun quiz correspondant
Distribution des résultats
% des personnes avec chaque résultat
Percentile par nombre de réponses
Votre historique - résultats
Vous n’avez pas pris ce quiz